Derivatives and Risk Management (Record no. 85666)

MARC details
000 -LEADER
fixed length control field 00524nam a2200205Ia 4500
008 - FIXED-LENGTH DATA ELEMENTS--GENERAL INFORMATION
fixed length control field 230125s9999 xx 000 0 und d
020 ## - INTERNATIONAL STANDARD BOOK NUMBER
International Standard Book Number 81 7660 180 2
041 ## - LANGUAGE CODE
Language code of text/sound track or separate title eng
082 ## - DEWEY DECIMAL CLASSIFICATION NUMBER
Classification number 658.155
Item number MIS
100 ## - MAIN ENTRY--PERSONAL NAME
Personal name Mishra S K
9 (RLIN) 108940
245 ## - TITLE STATEMENT
Title Derivatives and Risk Management
250 ## - EDITION STATEMENT
Edition statement 1st ed
260 ## - PUBLICATION, DISTRIBUTION, ETC. (IMPRINT)
Date of publication, distribution, etc. 2010
Name of publisher, distributor, etc. Everest Publishing house
Place of publication, distribution, etc. Pune
300 ## - PHYSICAL DESCRIPTION
Extent 176p
500 ## - GENERAL NOTE
Keywords Risk management
650 ## - SUBJECT ADDED ENTRY--TOPICAL TERM
Topical term or geographic name as entry element Financial Management
700 ## - ADDED ENTRY--PERSONAL NAME
Personal name Mishra S K
9 (RLIN) 108940
906 ## - LOCAL DATA ELEMENT F, LDF (RLIN)
b 43
Holdings
Withdrawn status Lost status Damaged status Not for loan Home library Current library Date acquired Vendor Cost, normal purchase price Bill number Total Checkouts Full call number Barcode Date last seen Cost, replacement price Bill Date Koha item type Original Barcode
        Smt. Hiraben Nanavati Institute of Management & Research for Women Smt. Hiraben Nanavati Institute of Management & Research for Women 30/12/2010 Everest publisher 145.00 10213   658.155 MIS B09562 HIMR-BK-9562 25/01/2023 102.00 23/12/2010 Books B09562
        Smt. Hiraben Nanavati Institute of Management & Research for Women Smt. Hiraben Nanavati Institute of Management & Research for Women 30/12/2010 Everest publisher 145.00 10213   658.155 MIS B09561 HIMR-BK-9561 25/01/2023 102.00 23/12/2010 Books B09561
        Smt. Hiraben Nanavati Institute of Management & Research for Women Smt. Hiraben Nanavati Institute of Management & Research for Women 30/12/2010 Everest publisher 145.00 10213   658.155 MIS B09563 HIMR-BK-9563 25/01/2023 102.00 23/12/2010 Books B09563
        Smt. Hiraben Nanavati Institute of Management & Research for Women Smt. Hiraben Nanavati Institute of Management & Research for Women 12/11/2010 Everest publisher 145.00 10104   658.155 MIS B09170 HIMR-BK-9170 25/01/2023 102.00 28/10/2010 Books B09170
        Smt. Hiraben Nanavati Institute of Management & Research for Women Smt. Hiraben Nanavati Institute of Management & Research for Women 12/11/2010 Everest publisher 145.00 10104   658.155 MIS B09169 HIMR-BK-9169 25/01/2023 102.00 28/10/2010 Books B09169